| 000 -LEADER |
| fixed length control field |
00457nam a22001697a 4500 |
| 003 - CONTROL NUMBER IDENTIFIER |
| control field |
SLTCLib |
| 008 - FIXED-LENGTH DATA ELEMENTS--GENERAL INFORMATION |
| fixed length control field |
260615b ce ||||| |||| 00| 0 eng d |
| 020 ## - INTERNATIONAL STANDARD BOOK NUMBER |
| International Standard Book Number |
9780128110355 |
| 041 ## - LANGUAGE CODE |
| Language code of text/sound track or separate title |
German Language |
| 080 ## - UNIVERSAL DECIMAL CLASSIFICATION NUMBER |
| Universal Decimal Classification number |
658.62 |
| Item number |
KIR |
| 100 ## - MAIN ENTRY--PERSONAL NAME |
| Personal name |
Kiran, D.R. |
| 9 (RLIN) |
3609 |
| 245 ## - TITLE STATEMENT |
| Title |
Total Quality Management |
| Remainder of title |
Key Concepts and case Studies |
| 260 ## - PUBLICATION, DISTRIBUTION, ETC. (IMPRINT) |
| Place of publication, distribution, etc |
Amsterdam |
| Name of publisher, distributor, etc |
BS Publications |
| Date of publication, distribution, etc |
2017 |
| 300 ## - PHYSICAL DESCRIPTION |
| Extent |
454p. |
| 650 #0 - SUBJECT ADDED ENTRY--TOPICAL TERM |
| 9 (RLIN) |
2509 |
| Topical term or geographic name as entry element |
Total quality management |
| 942 ## - ADDED ENTRY ELEMENTS (KOHA) |
| Source of classification or shelving scheme |
|
| Koha item type |
Reference Materials |
| 945 ## - LOCAL PROCESSING INFORMATION (OCLC) |
| a |
3725 |
| b |
Ishara wickramage |
| c |
3725 |
| d |
Ishara wickramage |